Guess ALL the FNaF Characters - Statistics

General Stats
  • This quiz has been taken 20,148 times
  • The average score is 50 of 90
Answer Stats
Hint Answer % Correct
FNaF 1 Freddy
99%
Bonnie
98%
Chica
98%
Foxy
98%
Golden Freddy
94%
Toy Bonnie
91%
Toy Chica
91%
FNaF 2 Toy Freddy
91%
Mangle
89%
Balloon Boy
84%
FNaF 3 Springtrap
82%
Withered Bonnie
82%
Withered Chica
82%
Withered Freddy
82%
Withered Foxy
81%
Nightmare
80%
Nightmare Chica
76%
FNaF 4 Nightmare Freddy
76%
Nightmare Bonnie
75%
Nightmare Foxy
74%
Funtime Foxy
72%
Funtime Freddy
72%
Marionette
72%
Phantom Freddy
72%
Shadow Bonnie
72%
Ballora
71%
FNaF SL Circus Baby
71%
Phantom Chica
70%
Shadow Freddy
70%
Phantom Foxy
69%
Phantom Balloon Boy
64%
Ennard
63%
Nightmare Fredbear
63%
FNaF Security Breach Glamrock Freddy
62%
Withered Golden Freddy
62%
JJ
61%
Phantom Mangle
61%
FNaF 4 Halloween DLC Jack-o Chica
60%
Glamrock Chica
59%
Bon Bon
58%
Lefty
58%
Plushtrap
58%
Jack-o Bonnie
57%
Fredbear
56%
Nightmare Balloon Boy
55%
Phantom Marionette
54%
Rockstar Freddy
54%
Scrapbaby
54%
Nightmare Mangle
53%
Nightmarionne
53%
Rockstar Bonnie
52%
Rockstar Chica
52%
FNaF Pizzeria Simulator Scraptrap
52%
Rockstar Foxy
51%
Molten Freddy
50%
Roxanne Wolf
50%
First 2 Animatronics Spring Bonnie
50%
Vanny
50%
Lolbit
49%
FNaF VR Glitchtrap
47%
Glitchtrap
47%
Bonnet
46%
Montgomery Gator
46%
FNaF PS Mediocre Melodies Mr. Hippo
46%
Funtime Chica
44%
FNaF SL Custom Night Bidybab
43%
Happy Frog
43%
Minireena
42%
Yenndo
41%
Neddbear
39%
FNaF VR Halloween DLC Dreadbear
37%
Electrobab
37%
Pigpatch
37%
Orville Elephant
36%
FNaF PS Other Helpy
34%
Music Man
34%
FNaF 2 Easter Eggs Endoskeleton
33%
El Chip
29%
Mr. Hugs
27%
Pan Stan
23%
Bucket Bob
22%
FNaF PS Trash Gang No. 1 Crate
22%
Candy Cadet
21%
Grimm Foxy
21%
Mr. Can-do
21%
Security Puppet
20%
Fruit Punch Clown
16%
Lemonade Clown
16%
Prize King
13%
Frostbear
6%
No matching quizzes found
Score Distribution
Percent of People with Each Score
Percentile by Number Answered
Your Score History
You have not taken this quiz